000 00645nam a22002297a 4500
003 UA-OsUOA
001 65488
007 ta
008 20091124b un ||||| |||| 00| 0 ukr d
100 _aБунятян К.П.
700 _aФіалко О.Є.
090 _a902
_bБ91
942 _cSA
040 _aUA-OsUOA
_bukr
_cUA-OsUOA
_dUA-OsUOA
245 _aСкіфський курган з розмальованим саркофагом
300 _aС.55
955 _a0
041 _aukr
080 _a902
773 0 _w65485
_tАрхеологія
_dК.
_d2009
_g3
650 7 _a9 Географія. Біографії. Історія
_2UDC
999 _c352665
_d352665